000 00441nam a2200157 i 4500
001 36092
003 ES-MaACL
005 20230906155310.0
007 t|
008 030217s1922 fr ||||1| fre d
100 1 _aBrancour, René.
_931326
245 1 4 _aLes maitres de la musique massenet /
_cpar René Brancour.
260 _a[S.l. :
_bs.n.,
_c1922] (
_eEvreux :
_fCh. Herissey)
300 _a187 p. ;
_c20 cm.
852 _aES-MaACL
_jF-2824
999 _c36092
_d36092